000
00292nam a2200097Ia 4500
005
20251222152006.0
008
251222s9999||||xx |||||||||||||| ||spa||
082
_a
658.56/I49E
245
0
_a
Artesanía textil: Compendio de normas técnicas peruanas y guías para su implementación
942
_c
LIB
999
_c
24738
_d
24738